000
00270nam a22001097a 4500
008
170116b xxu||||| |||| 00| 0 eng d
020
_a
9780721693347
041
_a
eng
080
_a
618.2
245
_a
INTRODUCTION TO MATERNITY&PEDIATRIC NURSING
_c
LEIFER
942
_2
udc
_c
BK
999
_c
2930
_d
2930